Organization and staffing of the libraries of Columbia University /

Bibliographic Details
Corporate Author: Booz, Allen & Hamilton
Format: Book
Language:English
Published: Washington : Association of Research Libraries, 1972.
Subjects:

MARC

Tag First Indicator Second Indicator Subfields
LEADER 00000cam a2200000 4500
001 in00000299113
005 20151010153907.0
008 720509s1972 dcua 00000 eng
010 |a  72181601  
035 |a (OCoLC)00320301 
035 |9 ABJ2030AM 
037 |c $3.00 
040 |a DLC  |c DLC  |d TXA  |d UtOrBLW 
043 |a n-us-ny 
049 |a TXAM  |c 1 [1476856]  |c 2 [A11710746] 
050 0 0 |a Z733.N664  |b B6 
082 0 |a 025 
110 2 |a Booz, Allen & Hamilton. 
245 1 0 |a Organization and staffing of the libraries of Columbia University /  |c a summary of the case study sponsored by the Association of Research Libraries in cooperation with the American Council on Education under a grant from the Council on Library Resources. 
264 1 |a Washington :  |b Association of Research Libraries,  |c 1972. 
300 |a 27 pages :  |b illustrations ;  |c 28 cm. 
336 |a text  |b txt  |2 rdacontent 
337 |a unmediated  |b n  |2 rdamedia 
338 |a volume  |b nc  |2 rdacarrier 
610 2 0 |a Columbia University.  |b Libraries. 
999 |a MARS 
999 f f |s 9d4d0188-dfee-3987-8100-abd00918191e  |i b4680941-147c-3981-90d7-3fc0b27be384  |t 0 
952 f f |p ric  |a Texas A&M University  |b Rellis Campus  |c Joint Library Facility  |d Remote Storage  |t 0  |e Z733.N664 B6  |h Library of Congress classification  |i unmediated -- volume  |m A14805747002 
998 f f |a Z733.N664 B6  |t 0  |l Remote Storage